| 000 | 00736nam a22001937a 4500 | ||
|---|---|---|---|
| 999 |
_c164122 _d164122 |
||
| 005 | 20190510161530.0 | ||
| 010 | _aUR-10095 | ||
| 020 |
_c490.00 _a9789387539174 |
||
| 035 | _aU-8650 | ||
| 037 | _bDBAD/PUB | ||
| 082 | _a920 | ||
| 100 | _aمر تبہ :ثمر جہا ں | ||
| 245 |
_a( تنو ير ا حمد علو ی کا جہا ن معا نی(حصہ د و م _cمر تبہ :ثمر جہا ں |
||
| 246 |
_bTanveer Ahmed Alvi ka Jahan-e-Maani(Vol. 2)(Urdu) _aby Samar Jahan |
||
| 260 |
_a Delhi _bEducational Publishing House _c2017 ء |
||
| 270 |
_a3191،Vakil Street,Kucha Pandit,Lal Kuan, _bDelhi _e110006 _k23216162 _l00911123211540 |
||
| 300 |
_a446+4ص _c22 Cm.(bk) |
||
| 942 |
_2ddc _cUR _h920 _mث م ر |
||